Statistiche per Le squadre a cui ha segnato Francesco Totti

Clicka qui per fare il quiz!

Statistiche generali

  • Questo quiz è stato fatto 445 volte
  • Il punteggio medio è 36 su 78

Statistiche sulle risposte

#SQUADRACOMPETIZIONIANNI% Corretto
10JuventusCoppa Italia, Serie A1994-2014
98%
12InterCoppa Italia, Serie A1999-2013
96%
11MilanCoppa Italia, Serie A1996-2015
96%
11LazioSerie A1998-2015
92%
7NapoliSerie A1998-2009
88%
15SampdoriaSerie A1998-2016
84%
8TorinoCoppa Italia, Serie A2002-2016
84%
14FiorentinaSerie A, Supercoppa1995-2012
83%
7GenoaCoppa Italia, Serie A1994-2016
83%
3Real MadridChampions League2001-2002
83%
10AtalantaCoppa Italia, Serie A1997-2016
82%
5(Hellas) VeronaSerie A1997-2015
80%
16UdineseCoppa Italia, Serie A1997-2014
78%
7BolognaSerie A2000-2009
77%
9ChievoSerie A2003-2014
76%
12BariSerie A1995-2011
75%
14CagliariSerie A1999-2013
75%
10PalermoSerie A2004-2015
75%
20ParmaCoppa Italia, Serie A1997-2014
74%
10LecceSerie A1997-2009
69%
1AustraliaCoppa del Mondo2006
68%
1SassuoloSerie A2015
68%
5CataniaCoppa Italia, Serie A2006-2014
67%
1Manchester CityChampions League2014
65%
1FranciaU211996
64%
7BresciaSerie A1995-2003
62%
5EmpoliSerie A2003-2004
62%
6RegginaSerie A1999-2007
57%
5LivornoSerie A2004-2007
56%
2SpagnaU15, U181992-1995
56%
1BayernChampions League2010
53%
1Olympique LyonnaisChampions League2007
53%
1SalernitanaSerie A1998
51%
1VicenzaSerie A2000
51%
4MessinaSerie A2005-2007
50%
1AscoliSerie A2006
49%
4PerugiaSerie A1998-2002
49%
1AnconaSerie A2003
48%
1InghilterraU151992
48%
6SienaCoppa Italia, Serie A2004-2007
46%
1FoggiaSerie A1994
45%
3ModenaSerie A2002-2004
45%
2PortogalloAmichevole Internazionale, U161992-2000
45%
3CesenaCoppa Italia, Serie A2012-2017
43%
1BelgioEuropei2000
42%
1ReggianaSerie A1997
41%
1ComoSerie A2002
40%
4PiacenzaSerie A1998-2003
38%
5(KAA) GentQualificazione Europa League2009
37%
3ValenciaChampions League2003-2006
33%
2RomaniaEuropei, Qualificazioni Coppa del Mondo2000
32%
1CSKA MoscaChampions League2014
27%
1FinlandiaQualificazioni Europei2003
26%
1NorvegiaU181995
26%
3BulgariaU18, U211993-1995
24%
1SloveniaU181993
24%
3TurchiaU15, U231992-1997
21%
1Aris SaloniccoCoppa UEFA2005
18%
2BielorussiaQualificazioni Coppa del Mondo2004
18%
3BasileaChampions League, Coppa UEFA, Europa League2005-2010
16%
1ScoziaU161991
16%
2GallesU181994
15%
1Dinamo KievChampions League2007
14%
1OlympiacosChampions League2006
13%
1(CFR) ClujChampions League2008
11%
2MoldaviaU211997
11%
1BordeauxChampions League2008
10%
1GeorgiaQualificazioni Coppa del Mondo2001
10%
1NewcastleCoppa UEFA1999
9%
2ZurigoCoppa UEFA1998
9%
1Lokomotiv MoscaChampions League2001
8%
1Shakhtar DonetskChampions League2006
7%
1FiorenzuolaCoppa Italia1994
5%
5KosiceQualificazione Europa League2009
4%
1BröndbyCoppa UEFA1995
2%
1Eendracht AalstCoppa UEFA1995
2%
2(ND) GoricaCoppa UEFA2000
2%
1SilkeborgCoppa UEFA1998
2%

Distribuzione punteggi

Percentile per numero di risposta

Percentuale di utenti per punteggio

I tuoi punteggi nel tempo

Non hai fatto questo quiz